000 00500nam a2200181Ia 4500
001 20644
005 20260306172821.0
008 260306t2023||||xx |||||||||||||| ||spa||
041 _aESP
082 _a343.6
_bD69P
100 _aDíaz Guevara, Juan José,
_eAUT
245 0 _aLa prohibición de doble enjuiciamiento al funcionario y servidor público :
_bel ne bis in idem
260 _c2023
300 _a430 páginas :
_c25 cm.
650 _aGEN
654 _aCDE
942 _cLIB
_dJUS
_fJUS
_2ddc
_n
999 _c20644
_d20644